00313cam a22000977a 4500008004000000082001300040245005700053260005300110300000900163700004300172180718bn.d. xxu||||| |||| 00| 0 eng d aN45x54 C aSpotlight on CBIcby Central Bureau of Investigation aNew DelhibCentral Bureau of Investigationcn.d. a16p. aIndia. Central Bureau of Investigation